000 00331nam a2200133Ia 4500
008 230717s9999 xx 000 0 und d
020 _a81-87629-36-3
041 _aeng
082 _a342
_bSIN
100 _aSinghvi
245 _aConstitution Of India Vol-i
250 _a2ed.
260 _aNew Delhi
_bModern Law Publications
_c2006
999 _c672162
_d672162